Udinese Calcio Squad 2016-2017 - Statistics

General Stats
  • This quiz has been taken 7 times
  • The average score is 15 of 35
Answer Stats
# Position Nation Player % Correct
77 FW France Cyril Théréau
86%
5 DF Brazil Danilo
86%
9 FW Colombia Duván Zapata
86%
99 MF Croatia Andrija Balić
71%
8 MF Ghana Emmanuel Badu
71%
14 MF Czech Republic Jakub Jankto
71%
1 GK Greece Orestis Karnezis
71%
6 MF Ivory Coast Seko Fofana
71%
53 DF Iraq Ali Adnan
57%
23 MF Iceland Emil Hallfreðsson
57%
- Coach Italy Luigi Delneri
57%
11 FW Venezuela Adalberto Peñaranda
43%
2 DF Mali Molla Wagué
43%
7 MF Colombia Pablo Armero
43%
33 MF Greece Panagiotis Kone
43%
10 FW Argentina Rodrigo De Paul
43%
19 FW Brazil Ryder Matos
43%
27 DF Switzerland Silvan Widmer
43%
22 GK Italy Simone Scuffet
43%
75 DF France Thomas Heurtaux
43%
96 FW Brazil Ewandro
29%
30 DF Brazil Felipe
29%
4 DF Italy Gabriele Angella
29%
34 DF Brazil Gabriel Silva
29%
13 FW Sweden Mathias Ranégie
29%
3 DF Brazil Samir
29%
18 FW Croatia Stipe Perica
29%
26 MF Belgium Sven Kums
29%
7 MF Ivory Coast Assane Gnoukouri
14%
37 MF Italy Davide Faraoni
14%
20 MF Italy Francesco Lodi
14%
92 DF Croatia Igor Bubnjić
14%
25 GK Italy Samuele Perisan
14%
- Coach Italy Giuseppe Iachini
0%
95 MF Brazil Lucas Evangelista
0%
No matching quizzes found
Score Distribution
Percent of People with Each Score
Percentile by Number Answered
Your Score History
You have not taken this quiz